Mickey amigo de D'Artagnan (Registo nº 1792)

Detalhes MARC
000 -Etiqueta do registo
Cabeçalho 00730nam a22002651 4500
005 - Identificador da versão
Campo de controlo 20240813121916.0
095 ## -
-- PTBN00026609
021 ## - Número do Depósito Legal
Código do país PT
Número 5648/84
100 ## - Dados gerais de processamento
Dados gerais de processamento 20070509d1984 cd y0pory5003 ba
102 ## - Pais de publicação ou produção
País de publicação Portugal
101 1# - Língua de publicação
Língua do texto, banda sonora, etc. Português
105 ## - Campo de dados codificados: livros
Dados codificados dos livros a t 000ay
215 ## - Descrição física 
Indicação específica da natureza do documento e extensão da espécie 35 p.
Outras indicações físicas todo il.
Dimensões 31 cm
200 1# - Titulo e menção de responsabilidade
Título próprio Mickey amigo de D'Artagnan
Primeira menção de responsabilidade Walt Disney
225 2# - Colecção 
Título próprio da colecção Mickey através dos séculos
210 ## - Publicação, Distribuição, etc. 
Lugar da edição, distribuição, etc. Porto
Nome do editor, distribuidor, etc. Edinter
Data da publicação, distribuição, etc. imp. 1984
606 ## - Nome comum usado como assunto
Número de registo de entrada de autoridade 0000243
Palavra de ordem Literatura estrangeira infantil
Subdivisão de assunto Banda desenhada
675 ## - Classificação Decimal Universal (CDU)
Notação 82-9
Edição
Língua da edição por
710 02 - Nome de colectividade-autor (responsabilidade principal)
Número de registo de entrada de autoridade 0000305
Palavra de ordem Walt Disney Productions
942 ## - Elementos de entrada adicionados (Koha)
Tipo de item no Koha Livro
Exemplares
Situação do levantamento Origin of item (home branch) (coded) Biblioteca de empréstimo Código de barras Cota Circulation type (not for loan) Tipo de documento Nota do exemplar Damaged status
  Biblioteca Escolar da Coca Maravilhas Biblioteca Escolar da Coca Maravilhas BECM2733/95 8BD MIC   Livro Sem mensagem